|
|
|
|
| LEADER |
00000ny a22000003n 4500 |
| 003 |
CaPaEBR |
| 005 |
20110519120947.0 |
| 006 |
m u |
| 007 |
cr cn||||||||| |
| 008 |
201005r2009 ag |||||s|||||||||||spa d |
| 020 |
|
|
|a 9789505362158
|
| 035 |
|
|
|a 4979
|
| 040 |
|
|
|a FlNmELB
|c FlNmELB
|d vLex
|
| 050 |
1 |
4 |
|a R724
|b L122 2009eb
|
| 050 |
1 |
4 |
|a R724
|b L122 2009eb
|
| 080 |
|
|
|a 17:57
|
| 082 |
0 |
4 |
|a 174.957
|2 22
|
| 090 |
|
|
|c 39
|d 39
|
| 100 |
1 |
|
|a Labombarda, Pablo Martn̕
|
| 245 |
1 |
3 |
|a El derecho y la bioťica frente a la anencefalia
|h [Recurso electrn̤ico]
|c Pablo Martn̕ Labombarda
|
| 256 |
|
|
|a Servicio en ln̕ea
|
| 260 |
|
|
|a La Plata :
|b Librera̕ Editora Platense S.R.L.,
|c 2009
|
| 300 |
|
|
|a 141 p
|
| 506 |
1 |
|
|a Contenido solo disponible en los productos indicados
|d vLex Global
|d vLex Global (Academic Edition, excluding Law Schools)
|d vLex Global (U.S. Academic Edition, Law Schools)
|d vLex Global (U.S. Academic Edition, excluding Law Schools)
|d vLex Global (Academic Edition, Law Schools)
|
| 650 |
|
|
|a Derecho
|
| 710 |
2 |
|
|a e-libro, Corp
|
| 740 |
0 |
|
|a vLex Libros (Servicios en ln̕ea)
|
| 856 |
4 |
0 |
|u http://vlex.com/source/4979
|z Acceso restringido
|
| 942 |
|
|
|c BOOK
|
| 999 |
|
4 |
|a Law
|b Argentina
|
| 999 |
|
4 |
|a Anencephaly
|
| 999 |
|
4 |
|a Bioethics
|
| 999 |
|
4 |
|a Bioťica
|
| 999 |
|
4 |
|a Bioetica
|